[Event "Bristol Fide 2019 Open"]
[Site "Bristol Grammar School"]
[Date "2019.02.17"]
[Round "5.12"]
[White "Perrin, Brent"]
[Black "Miller, George"]
[Result "1-0"]
[WhiteElo "1960"]
[BlackElo "1793"]
[PlyCount "101"]
[EventDate "2019.02.15"]
[SourceTitle "Bristol Fide Open 2019"]
[Source "Dave Tipper"]
[SourceDate "2019.03.04"]
[SourceVersion "1"]
[SourceVersionDate "2019.03.04"]
[SourceQuality "2"]

1. e4 d6 2. Bc4 Nf6 3. Nc3 c6 4. Bb3 b5 5. d3 g6 6. f4 Bg7 7. Nf3 O-O 8. O-O a5
9. a4 b4 10. Ne2 Na6 11. Ned4 e5 12. fxe5 dxe5 13. Ne2 Qd6 14. Bg5 h6 15. Bh4
Nc5 16. Bc4 Nh5 17. Qd2 Be6 18. Bxe6 Nxe6 19. b3 f5 20. Rad1 f4 21. Qc1 g5 22.
Bf2 c5 23. Nd2 g4 24. Nc4 Qd8 25. Qd2 Ra7 26. Qe1 Bf6 27. Kh1 Nhg7 28. Ng1 h5
29. Qd2 Ne8 30. Qe1 Rh7 31. Qe2 Kh8 32. g3 f3 33. Nxf3 gxf3 34. Qxf3 Bg7 35.
Qg2 Nd4 36. Bxd4 cxd4 37. Rxf8+ Bxf8 38. Nxe5 Qf6 39. Nc4 Qg5 40. Rf1 Bg7 41.
h4 Qd8 42. Rf5 Bf6 43. Rxa5 Bxh4 44. Qf3 Nc7 45. Rf5 Ne6 46. gxh4 Qxh4+ 47. Kg2
Rg7+ 48. Kf1 Rg4 49. Ne5 Qh2 50. Nxg4 hxg4 51. Qxg4 1-0

[Event "Bristol Fide 2019 Open"]
[Site "Bristol Grammar School"]
[Date "2019.02.17"]
[Round "5.13"]
[White "Ingham, William"]
[Black "Iwi, Graham"]
[Result "1/2-1/2"]
[WhiteElo "1835"]
[BlackElo "1912"]
[PlyCount "46"]
[EventDate "2019.02.15"]
[SourceTitle "Bristol Fide Open 2019"]
[Source "Dave Tipper"]
[SourceDate "2019.03.04"]
[SourceVersion "1"]
[SourceVersionDate "2019.03.04"]
[SourceQuality "2"]

1. d4 e6 2. Nf3 d5 3. e3 c5 4. c3 Nf6 5. Bd3 Nc6 6. O-O Qc7 7. Nbd2 Bd6 8. dxc5
Bxc5 9. e4 O-O 10. Qe2 e5 11. exd5 Nxd5 12. Qe4 Nf6 13. Qh4 Ne7 14. Ne4 Nxe4
15. Qxe4 Ng6 16. Nh4 Be6 17. Nxg6 hxg6 18. Re1 Bd6 19. g3 Rae8 20. Bf1 f5 21.
Qc2 Kf7 22. Bg5 a6 23. Rad1 Be7 1/2-1/2

[Event "Bristol Fide 2019 Open"]
[Site "Bristol Grammar School"]
[Date "2019.02.17"]
[Round "5.14"]
[White "Lampard, Alice"]
[Black "Stannard, Anthony"]
[Result "1/2-1/2"]
[WhiteElo "1718"]
[BlackElo "1955"]
[PlyCount "60"]
[EventDate "2019.02.15"]
[SourceTitle "Bristol Fide Open 2019"]
[Source "Dave Tipper"]
[SourceDate "2019.03.04"]
[SourceVersion "1"]
[SourceVersionDate "2019.03.04"]
[SourceQuality "2"]

1. d4 e6 2. c4 f5 3. Nf3 Nf6 4. Nc3 Bb4 5. Qc2 b6 6. g3 Bb7 7. Bg2 O-O 8. O-O
d6 9. Rd1 Bxc3 10. Qxc3 Nbd7 11. b4 Ne4 12. Qc2 Qe8 13. Ng5 Ndf6 14. Nxe4 Bxe4
15. Qb3 Bxg2 16. Kxg2 Qh5 17. Qf3 Qxf3+ 18. exf3 a5 19. b5 a4 20. Ba3 Nd7 21.
Re1 Rfe8 22. c5 d5 23. c6 Nf6 24. Bb4 Kf7 25. a3 Ng8 26. Bd2 Ne7 27. Bf4 Ra5
28. Rab1 Ra7 29. Re2 Nc8 30. h4 h5 1/2-1/2

[Event "Bristol Fide 2019 Open"]
[Site "Bristol Grammar School"]
[Date "2019.02.17"]
[Round "5.15"]
[White "Stubbs, Oliver"]
[Black "Livesey, Nigel"]
[Result "1/2-1/2"]
[WhiteElo "1833"]
[BlackElo "1793"]
[PlyCount "140"]
[EventDate "2019.02.15"]
[SourceTitle "Bristol Fide Open 2019"]
[Source "Dave Tipper"]
[SourceDate "2019.03.04"]
[SourceVersion "1"]
[SourceVersionDate "2019.03.04"]
[SourceQuality "2"]

1. d4 e6 2. Nf3 f5 3. Bf4 Nf6 4. e3 b6 5. Nbd2 Bb7 6. h3 Be7 7. Bd3 d5 8. Ne5
a6 9. c3 c5 10. Qe2 c4 11. Bc2 Nc6 12. Ndf3 Nxe5 13. Nxe5 b5 14. O-O O-O 15. a3
Qe8 16. f3 Qh5 17. b3 cxb3 18. Bxb3 Rfc8 19. Rfc1 Kh8 20. Qd2 g5 21. Bh2 g4 22.
hxg4 fxg4 23. Nxg4 Nxg4 24. fxg4 Qxg4 25. a4 Rf8 26. axb5 axb5 27. Rxa8 Rxa8
28. Rf1 Rf8 29. Be5+ Kg8 30. Rxf8+ Bxf8 31. Bc2 Bc6 32. Qd3 Qh4 33. Qf1 Qg5 34.
Qf2 Bg7 35. Bxg7 Kxg7 36. Bd3 Qh5 37. Qg3+ Kf6 38. Qf4+ Ke7 39. Qc7+ Bd7 40.
Bxb5 Qd1+ 41. Bf1 Qe1 42. Qf4 Bb5 43. Qc7+ Bd7 44. Qe5 Bb5 45. Qg7+ Ke8 46.
Qg8+ Ke7 47. Qxh7+ Ke8 48. Qh8+ Ke7 49. Qg7+ Ke8 50. Qg6+ Ke7 51. Qg5+ Ke8 52.
Qh5+ Ke7 53. Qf3 Bxf1 54. Qxf1 Qxe3+ 55. Qf2 Qc1+ 56. Kh2 Qxc3 57. g4 Qd3 58.
g5 Qg6 59. Qf4 Qh7+ 60. Kg3 Qd3+ 61. Kh4 Qg6 62. Kg4 Kd7 63. Qe5 Ke7 64. Qc7+
Ke8 65. Qb8+ Ke7 66. Qe5 Kf7 67. Kf4 Ke7 68. Qc7+ Ke8 69. Qb8+ Ke7 70. Qe5 Kf7
1/2-1/2

[Event "Bristol Fide 2019 Open"]
[Site "Bristol Grammar School"]
[Date "2019.02.17"]
[Round "5.16"]
[White "White, Ian R"]
[Black "Walker, Max"]
[Result "1-0"]
[WhiteElo "1826"]
[BlackElo "1790"]
[PlyCount "103"]
[EventDate "2019.02.15"]
[SourceTitle "Bristol Fide Open 2019"]
[Source "Dave Tipper"]
[SourceDate "2019.03.04"]
[SourceVersion "1"]
[SourceVersionDate "2019.03.04"]
[SourceQuality "2"]

1. Nf3 Nf6 2. g3 d5 3. Bg2 c5 4. O-O Bg4 5. c4 e6 6. Ne5 Bf5 7. Nc3 Qc7 8. f4
dxc4 9. Qa4+ Nbd7 10. Nb5 Qc8 11. Nxc4 Qd8 12. Nbd6+ Bxd6 13. Nxd6+ Kf8 14.
Nxf5 exf5 15. Bxb7 Rb8 16. Bf3 g6 17. b3 Qb6 18. Kg2 Kg7 19. Bb2 Rbd8 20. d4
Rhe8 21. Rad1 Kg8 22. Qc4 Ne4 23. dxc5 Ndxc5 24. Bd4 Rc8 25. b4 Qa6 26. Qxa6
Nxa6 27. a3 Nc7 28. Bb2 Red8 29. Rd3 Nd5 30. Bd4 Nb6 31. Bxb6 axb6 32. Rfd1 Re8
33. Rd7 Nc3 34. Rc1 Re3 35. Rd3 Rxd3 36. exd3 Rc7 37. a4 Kf8 38. a5 bxa5 39.
bxa5 Nb5 40. Rxc7 Nxc7 41. Bb7 Ke7 42. a6 Nb5 43. Kf3 Kd6 44. Ke3 Kc7 45. Bd5
f6 46. Bg8 h6 47. Bh7 g5 48. Bxf5 Kb6 49. d4 Kxa6 50. Bd3 Kb6 51. Bxb5 Kxb5 52.
Ke4 1-0

[Event "Bristol Fide 2019 Open"]
[Site "Bristol Grammar School"]
[Date "2019.02.17"]
[Round "5.18"]
[White "Havard, Gwyn"]
[Black "Strong, Chris"]
[Result "0-1"]
[WhiteElo "1464"]
[BlackElo "1541"]
[PlyCount "74"]
[EventDate "2019.02.15"]
[SourceTitle "Bristol Fide Open 2019"]
[Source "Dave Tipper"]
[SourceDate "2019.03.04"]
[SourceVersion "1"]
[SourceVersionDate "2019.03.04"]
[SourceQuality "2"]

1. e4 c5 2. d4 cxd4 3. c3 dxc3 4. Nxc3 g6 5. Bc4 Bg7 6. Nge2 Nc6 7. Bf4 Nf6 8.
b4 O-O 9. Rb1 d6 10. O-O Nh5 11. Be3 Bg4 12. f3 Bd7 13. Qb3 Nf6 14. Rfd1 Ne5
15. Bd5 Qc8 16. Rbc1 Qb8 17. Bd4 e6 18. Bxe5 dxe5 19. Bc4 Qc7 20. a4 Rad8 21.
a5 Bc6 22. b5 Rxd1+ 23. Nxd1 Qxa5 24. Kf1 Bd7 25. Rc2 Rd8 26. Ra2 Qb6 27. Nb2
Ra8 28. Na4 Qd8 29. Rd2 Qe7 30. Qd1 Rc8 31. Nb2 Be8 32. Qa1 Qb4 33. Rc2 Bxb5
34. Nd3 Qd6 35. Nxe5 Nd7 36. Nxf7 Kxf7 37. Bxe6+ Qxe6 0-1